000
00290nam a22001217a 4500
008
160422b xxu||||| |||| 00| 0 eng d
020
_a
9780135146552
020
_a
0135146550
041
_a
eng
080
_a
618.2
245
_a
Mental health nursing :
_c
Karen Lee Fontaine;
942
_2
udc
_c
BK
999
_c
1526
_d
1526